[Event "Val Thorens"]
[Site "Val Thorens"]
[Date "1989.??.??"]
[Round "10"]
[White "Nemirovski, Serge"]
[Black "Meister, Peter"]
[Result "1-0"]
[WhiteElo "2365"]
[BlackElo "2425"]

1.d4 e6 2.e4 d5 3.Nc3 Nf6 4.e5 Nfd7 5.f4 c5 6.Nf3 Nc6 7.Be3 cxd4 8.Nxd4 Bc5
9.Qd2 O-O 10.O-O-O a6 11.Nb3 Be7 12.Bd3 b5 13.g4 Qc7 14.Qf2 Na5 15.Nd4 Nc4
16.Bxc4 bxc4 17.Nf5 Bb4 18.Qh4 Bxc3 19.Ne7+ Kh8 20.bxc3 Nc5 21.f5 Ne4 22.Rdf1 exf5
23.gxf5 Re8 24.f6 gxf6 25.exf6 Qd6 26.Rf4  1-0

[Event "Vinkovci"]
[Site "Vinkovci"]
[Date "1989.??.??"]
[Round "?"]
[White "Apicella, Manuel"]
[Black "Kovacevic, Vlatko"]
[Result "1/2-1/2"]
[WhiteElo "2395"]
[BlackElo "2515"]

1.e4 e6 2.d4 d5 3.Nc3 Nf6 4.e5 Nfd7 5.f4 c5 6.Nf3 Nc6 7.Be3 a6 8.Qd2 cxd4
9.Nxd4 Bc5 10.Be2 O-O 11.O-O Nxd4 12.Bxd4 Qb6 13.Bxc5 Qxc5+ 14.Kh1 b5 15.Bd3 Bb7
16.Rae1  1/2-1/2

[Event "Vrnjacka Banja"]
[Site "Vrnjacka Banja"]
[Date "1989.??.??"]
[Round "?"]
[White "Abramovic, Bosko"]
[Black "Kontic, Djordje"]
[Result "1-0"]
[WhiteElo "2485"]
[BlackElo "2385"]

1.e4 e6 2.d4 d5 3.Nc3 Nf6 4.e5 Nfd7 5.f4 c5 6.Nf3 Nc6 7.Be3 cxd4 8.Nxd4 Bc5
9.Qd2 O-O 10.O-O-O Qe7 11.g3 Nb6 12.Nb3 Bxe3 13.Qxe3 Bd7 14.Kb1 Rfc8 15.a3 Nb8
16.g4 Na6 17.Nd4 Rc7 18.Ndb5 Bxb5 19.Nxb5 Nc4 20.Bxc4 Rxc4 21.Nd6 Rc6 22.f5 f6
23.fxe6 Qxe6 24.Nf5 Re8 25.Qxa7 fxe5 26.Qxb7 Nc7 27.Rhe1 Qd7 28.Ne3 Qe6 29.Rd3 g6
30.Qb3 Rc5 31.Red1 d4 32.Qxe6+ Nxe6 33.b4 Rc6 34.Nd5 Kg7 35.Re1 Rd8  1-0

[Event "DDR-ch 38th"]
[Site "Zittau"]
[Date "1989.??.??"]
[Round "?"]
[White "Tischbierek, Raj"]
[Black "Knaak, Rainer"]
[Result "0-1"]
[WhiteElo "2475"]
[BlackElo "2465"]

1.e4 e6 2.d4 d5 3.Nc3 Nf6 4.e5 Nfd7 5.Nce2 c5 6.c3 cxd4 7.cxd4 Nc6 8.f4 Qb6
9.Nf3 f6 10.a3 Be7 11.g3 O-O 12.exf6 Nxf6 13.Bg2 Ne4 14.O-O e5 15.fxe5 Bg4
16.Bf4 g5 17.Be3 Bxf3 18.Rxf3 Rxf3 19.Bxf3 Nxe5 20.Bxe4 dxe4 21.Qc2 Rf8 22.Rf1 Rxf1+
23.Kxf1 Qf6+ 24.Ke1 Nd3+ 25.Kd2 Qf1 26.Kc3 b5 27.g4 b4+ 28.axb4 Qf3  0-1

[Event "JUG-chT"]
[Site "Zlatibor"]
[Date "1989.??.??"]
[Round "?"]
[White "Veroci, Zsuzsa"]
[Black "Macek, Vlasta"]
[Result "1-0"]
[WhiteElo "2340"]
[BlackElo "2225"]

1.e4 e6 2.d4 d5 3.Nc3 Nf6 4.e5 Nfd7 5.f4 c5 6.Nf3 Nc6 7.Be3 a6 8.Qd2 cxd4
9.Nxd4 Bb4 10.Bd3 Nc5 11.O-O Nxd3 12.Qxd3 Bd7 13.Nce2 O-O 14.Rf3 Nxd4 15.Nxd4 Bc5
16.Rh3 g6 17.c3 Rc8 18.Nf3 Qb6 19.Re1 Bb5 20.Qd2 Rfd8 21.Bxc5 Qxc5+ 22.Kh1 h5
23.f5 exf5 24.e6 Re8 25.Rg3 Qd6 26.Nd4 f4 27.Nf5 Qb6 28.Nh6+ Kg7 29.Qxf4 Qc7
30.Nf5+ Kf8 31.Qh6+  1-0

[Event "JUG-chT"]
[Site "Zlatibor"]
[Date "1989.??.??"]
[Round "?"]
[White "Maric, Mirjana"]
[Black "Macek, Vlasta"]
[Result "1/2-1/2"]
[WhiteElo "2290"]
[BlackElo "2225"]

1.e4 e6 2.d4 d5 3.Nc3 Nf6 4.e5 Nfd7 5.f4 c5 6.Nf3 Nc6 7.Be3 a6 8.Qd2 cxd4
9.Nxd4 Bc5 10.O-O-O O-O 11.g4 Qc7 12.Rg1 b5 13.Nxc6 Qxc6 14.Ne2 Nb6 15.Bxc5 Qxc5
16.Nd4 Nc4 17.Qf2 Bd7 18.Rg3 Rfc8 19.Rh3 Qb4 20.c3 Qe7 21.Bd3 g6 22.g5 b4
23.Qh4 h5 24.gxh6 Qxh4 25.Rxh4 bxc3 26.bxc3 Kh7 27.Nf3 Be8 28.Rh3 Rab8 29.Bxc4 Rxc4
30.Ng5+ Kh8 31.Rd4 Rc7 32.Rd2 Rb4 33.Rf3 Rbc4 34.Kb2 a5 35.Rd4 R4c5 36.a4 Rb7+
37.Ka2 Rc8 38.Rd2 Bxa4 39.Rb2 Rbc7 40.Rb6 Be8 41.Kb2 Kg8  1/2-1/2

[Event "Altensteig"]
[Site "Altensteig"]
[Date "1990.??.??"]
[Round "8"]
[White "Luther, Thomas"]
[Black "Mohr, Stefan"]
[Result "1-0"]
[WhiteElo "2385"]
[BlackElo "2430"]

1.e4 e6 2.d4 d5 3.Nc3 Nf6 4.e5 Nfd7 5.f4 c5 6.Nf3 Nc6 7.Be3 cxd4 8.Nxd4 Bc5
9.Qd2 O-O 10.O-O-O a6 11.Nce2 Qc7 12.h4 Na5 13.b3 b5 14.Kb1 Rb8 15.Ka1 Nc6
16.Nxc6 Qxc6 17.Nd4 Qc7 18.Bd3 Qb6 19.Kb1 b4 20.Qe2 Kh8 21.Qh5 h6 22.Be2 a5
23.g4 Ba6 24.g5 Bxe2 25.Qxe2 a4 26.gxh6 g6 27.h5 Kh7 28.Rh3 Bxd4 29.Bxd4 Qc6
30.Rg1 Rg8 31.f5 exf5 32.e6 Rbe8 33.exf7 Rxe2 34.fxg8=Q+ Kxg8 35.h7+ Kf7
36.hxg6+ Ke6 37.Re3+ Rxe3 38.Bxe3 Qc3 39.g7  1-0

[Event "FRA-ch"]
[Site "Angers"]
[Date "1990.??.??"]
[Round "12"]
[White "Apicella, Manuel"]
[Black "Mercier, Jean Pierre"]
[Result "1/2-1/2"]
[WhiteElo "2410"]
[BlackElo "2245"]

1.e4 e6 2.d4 d5 3.Nc3 Nf6 4.e5 Ng8 5.Nf3 c5 6.Be3 cxd4 7.Nxd4 Nc6 8.f4 Nge7
9.Ncb5 Ng6 10.Qd2 a6 11.Nc3 Be7 12.g3 Bd7 13.Bd3 f6 14.O-O fxe5 15.Nxc6 Bxc6
16.Bxg6+ hxg6 17.fxe5 Qc7 18.Bd4 O-O-O 19.Rf7 Rh5 20.Raf1 Rdh8 21.R1f2 R5h7
22.Qe3 Qd8 23.Ne2 Qe8 24.Qf3 g5 25.Qg4 Bd7 26.R7f3 Qh5 27.Qxh5 Rxh5 28.Rf7 Kd8
29.Rxg7 R5h7 30.Bb6+ Ke8 31.Rxh7 Rxh7 32.g4 Rf7 33.Nd4 Rxf2 34.Kxf2 Kf7 35.b3 Ba3
36.Nf3 Be7 37.a4 Kg7 38.Nd4 Kf7 39.Ke3 Kg7 40.Kd3 Kf7 41.Kc3 Kg6 42.Ba5 Kf7
43.Bb4 Bd8 44.Bc5 Ba5+ 45.Kd3 Be8 46.c3 Bd8 47.Ba3 Bd7 48.Nf3 Be8 49.Bc1 Kg6
50.Be3 Bd7 51.Bd2 Be8 52.Ke2 Bd7 53.Kf2 Be8 54.Kg2 Bc6 55.Be3 Be8 56.Bf2 Bc6
57.h4 gxh4 58.Kh3 b5 59.axb5 Bxb5 60.Bxh4 Bc7 61.Bf6 Ba5 62.Nd4 Kf7 63.b4 Bb6
64.Nf3 Kg6 65.Be7 a5 66.bxa5 Bxa5 67.Bb4 Bc7 68.Bc5 Be2 69.Nh4+ Kf7 70.Bd4 Bd8
71.Ng2 Bf1 72.Kg3 Bxg2 73.Kxg2 Kg6 74.Kf3 Bc7 75.Kf4 Ba5 76.Kg3 Bc7 77.Kf3 Ba5
78.Kf4 Bd8 79.Kf3  1/2-1/2

[Event "AUT-chT"]
[Site "Austria"]
[Date "1990.??.??"]
[Round "?"]
[White "Felsberger, Alfred"]
[Black "Grillitsch, Karl"]
[Result "1/2-1/2"]
[WhiteElo "2315"]
[BlackElo "2290"]

1.e4 e6 2.d4 d5 3.Nc3 Nf6 4.e5 Nfd7 5.f4 c5 6.Nf3 Nc6 7.Be3 cxd4 8.Nxd4 Bc5
9.Qd2 O-O 10.O-O-O a6 11.h4 Bxd4 12.Bxd4 b5 13.h5 b4 14.Ne2 a5 15.Rh3 Ba6
16.Qe3 Qc7 17.Rg3 Bxe2 18.Bxe2 Nxd4 19.Rxd4 Rac8 20.Bd3 Nc5 21.Kb1  1/2-1/2

[Event "Bad Ragaz op"]
[Site "Bad Ragaz"]
[Date "1990.??.??"]
[Round "4"]
[White "Bex, Pierre Alain"]
[Black "Schwartzman, Gabriel"]
[Result "1/2-1/2"]
[WhiteElo "2235"]
[BlackElo "2300"]

1.e4 e6 2.d4 d5 3.Nc3 Nf6 4.e5 Nfd7 5.Nce2 c5 6.c3 Nc6 7.Nf3 b5 8.g3 Qb6
9.h4 Ba6 10.Bh3 b4 11.a3 bxc3 12.bxc3 cxd4 13.cxd4 Bxe2 14.Kxe2 Qa6+ 15.Qd3 Qa4
16.Be3 Rb8 17.Rhb1 Rxb1 18.Rxb1 Qxa3 19.Qb5 Nb4 20.Rc1 a6 21.Qb7 Qd3+ 22.Ke1 Nc2+
23.Rxc2 Qxc2 24.Ng5 Qc3+ 25.Kf1 Qb4 26.Qc8+ Ke7 27.Nxf7 Qb5+ 28.Kg2 Kxf7
29.Bg5 Be7 30.Qxh8 Bxg5 31.Bxe6+ Kxe6 32.Qg8+ Ke7 33.Qxg7+ Ke8 34.hxg5 Nf8
35.Qf6 Qb7 36.f4 a5 37.f5 Qb1 38.Qc6+ Kf7 39.Qxd5+ Kg7 40.e6 Qc2+ 41.Kh3 Qe2
42.Qb7+ Kh8 43.Qf7 Qf1+ 44.Kg4 Qd1+ 45.Kh3 Qh1+  1/2-1/2

[Event "Bahrain"]
[Site "Bahrain"]
[Date "1990.??.??"]
[Round "11"]
[White "Hakki, Imad"]
[Black "Abdennabi, Imed"]
[Result "0-1"]
[WhiteElo "2330"]
[BlackElo "2370"]

1.e4 e6 2.d4 d5 3.Nc3 Nf6 4.e5 Nfd7 5.f4 c5 6.Nf3 Nc6 7.Be3 a6 8.Qd2 b5 9.dxc5 Bxc5
10.Bxc5 Nxc5 11.Bd3 Qb6 12.Qf2 b4 13.Ne2 a5 14.O-O Rb8 15.Ned4 Nxd4 16.Nxd4 O-O
17.Kh1 f5 18.exf6 Rxf6 19.Qe3 Ba6 20.Bxa6 Qxa6 21.Nf3 Ne4 22.a3 bxa3 23.b3 a4
24.Rfb1 axb3 25.Rxb3 Rxb3 26.Qxb3 Rxf4 27.Qxa3 Qxa3 28.Rxa3 h6 29.g3 Rf8
30.Kg2 Rc8 31.Ra2 Nc3 32.Ra7 Nb5 33.Ra2 Rc3 34.Kf2 Kf7 35.Ne1 Nd4  0-1

[Event "Bayamo"]
[Site "Bayamo"]
[Date "1990.??.??"]
[Round "1"]
[White "Herrera, Irisberto"]
[Black "Gomez, A."]
[Result "1-0"]
[WhiteElo "2410"]
[BlackElo "2390"]

1.e4 e6 2.d4 d5 3.Nc3 Nf6 4.e5 Nfd7 5.f4 c5 6.Nf3 Nc6 7.Be3 a6 8.Qd2 b5 9.dxc5 Bxc5
10.Bxc5 Nxc5 11.Qf2 Qb6 12.Bd3 b4 13.Ne2 a5 14.O-O Ba6 15.Kh1 Nd7 16.Ned4 Nxd4
17.Nxd4 Bxd3 18.cxd3 O-O 19.Qe3 Rac8 20.Rae1 f6 21.exf6 Rxf6 22.g3 Re8 23.Nf3 Qxe3
24.Rxe3 Rc8 25.Rfe1 Nf8 26.R3e2 h6 27.h4 Rf7 28.Kg2 Rfc7 29.Kf2 Rc1 30.Rxc1 Rxc1
31.Nd4 a4 32.Rc2 Ra1 33.b3 axb3 34.axb3 Rd1 35.Ke2 Ra1 36.Kf2 Rd1 37.Ke2 Rg1
38.Rc8 Kf7 39.Kf2 Rd1 40.Ke2 Rg1 41.Rc7+ Kg8 42.Kf2 Rd1 43.Ke3 Re1+ 44.Kd2 Rg1
45.Ne2 Rb1 46.Nc1 Rb2+ 47.Rc2 Rxc2+ 48.Kxc2 Nh7 49.Na2 Nf6 50.Nxb4 Nh5 51.Nc6 Kf8
52.Nd4 Nxg3 53.Nxe6+ Ke7 54.Nd4 Nh5 55.Ne2 g6 56.Kc3 Kd6 57.Kd4 Ng7 58.Ng3 Ne6+
59.Ke3  1-0

[Event "Belgrade-A"]
[Site "Belgrade"]
[Date "1990.??.??"]
[Round "1"]
[White "Zakic, Srdjan"]
[Black "Certic, Branimir"]
[Result "1-0"]
[WhiteElo "2355"]
[BlackElo "2295"]

1.e4 e6 2.d4 d5 3.Nc3 Nf6 4.e5 Nfd7 5.f4 c5 6.Nf3 Nc6 7.Be3 a6 8.Qd2 b5 9.dxc5 Bxc5
10.Bxc5 Nxc5 11.Qf2 Qb6 12.Bd3 b4 13.Ne2 a5 14.O-O Ba6 15.Kh1 Ne7 16.Rad1 Rc8
17.Ng3 h5 18.Ne2 Qb7 19.Ned4 Ne4 20.Qe2 Bc4 21.Ng5 Nxg5 22.fxg5 g6 23.Rf6 O-O
24.Qf2 Bxd3 25.cxd3 Qc7 26.Qf4 Nf5 27.Rf1 Nxd4 28.Qxd4 Qc1 29.h4 Qc5 30.Qf4 Rc7
31.d4 Qe7 32.g4 hxg4 33.h5 Kg7 34.Qxg4 gxh5 35.Qxh5 Rh8 36.Rh6 Rcc8 37.Rg1 Rcg8
38.Qh4 Qd8 39.Rg2 Qc8 40.Kh2 Rf8 41.Qf2 Qd8 42.Kg1 Qe7 43.Qf4 Rc8 44.Rgh2 Rxh6
45.gxh6+ Kh8 46.Rg2 f5 47.exf6 Qc7 48.Qxc7 Rxc7 49.Rg7 Rc1+ 50.Kg2 b3 51.f7  1-0

[Event "Belgrade (Women)"]
[Site "Belgrade"]
[Date "1990.??.??"]
[Round "8"]
[White "Richtrova, Eliska"]
[Black "Voiska, Margarita"]
[Result "0-1"]
[WhiteElo "2355"]
[BlackElo "2335"]

1.e4 e6 2.d4 d5 3.Nc3 Nf6 4.e5 Nfd7 5.f4 c5 6.Nf3 Nc6 7.Be3 a6 8.Qd2 b5 9.dxc5 Bxc5
10.Bxc5 Nxc5 11.Qf2 Qe7 12.Nd4 Nxd4 13.Qxd4 b4 14.Nd1 O-O 15.Nf2 a5 16.Rd1 Qa7
17.Be2 Na4 18.Qxa7 Rxa7 19.Rb1 Ba6 20.Bxa6 Rxa6 21.Nd3 Rc6 22.Kd2 Rfc8 23.Rbc1 Nb6
24.b3 Na8 25.Rhe1 f5 26.Nb2 Nb6 27.Re3 Kf7 28.Rd3 h6 29.h4 g5 30.hxg5 hxg5
31.fxg5 Nd7 32.Rh3 Nxe5 33.Nd3 Nxd3 34.Rxd3 Kg6 35.Rd4 Kxg5 36.a3 bxa3 37.Ra4 Rc5
38.Rxa3 f4 39.Ra4 Kf5 40.b4 axb4 41.Rxb4 Rg8 42.Rg1 Rc7 43.Kd1 Rcg7 44.Rf1 e5
45.Rb5 Rxg2 46.Rxd5 Ra8  0-1

[Event "Belgrade-A"]
[Site "Belgrade"]
[Date "1990.??.??"]
[Round "10"]
[White "Ziatdinov, Raset"]
[Black "Certic, Branimir"]
[Result "1-0"]
[WhiteElo "2440"]
[BlackElo "2295"]

1.e4 e6 2.d4 d5 3.Nc3 Nf6 4.e5 Nfd7 5.f4 c5 6.Nf3 Nc6 7.Be3 a6 8.Qd2 b5 9.dxc5 Bxc5
10.O-O-O Qb6 11.Bxc5 Nxc5 12.Bd3 b4 13.Ne2 a5 14.Kb1 Ba6 15.Bxa6 Ne4 16.Qe1 Rxa6
17.Rf1 b3 18.cxb3 a4 19.Nfd4 axb3 20.a3 Ra4 21.Nxc6 Qxc6 22.Nd4 Rxd4 23.Rxd4 Qc2+
24.Ka1 O-O 25.Qc1 Qxg2 26.Rfd1 Qxh2 27.R4d3 Nf2 28.R3d2 Qg3 29.Rg1 Qe3 30.Rg2 Ne4
31.Rxg7+ Kxg7 32.Rg2+ Qg3 33.Rxg3+ Nxg3 34.Qg1  1-0

[Event "Berliner Sommer"]
[Site "Berlin"]
[Date "1990.??.??"]
[Round "?"]
[White "Luther, Thomas"]
[Black "Knaak, Rainer"]
[Result "0-1"]
[WhiteElo "2405"]
[BlackElo "2500"]

1.e4 e6 2.d4 d5 3.Nc3 Nf6 4.e5 Nfd7 5.f4 c5 6.Nf3 Nc6 7.Be3 cxd4 8.Nxd4 Bc5
9.Qd2 O-O 10.O-O-O a6 11.Nce2 Qc7 12.h4 b5 13.Nxc6 Qxc6 14.Nd4 Qc7 15.Nf3 b4
16.Ng5 Re8 17.Rh3 Re7 18.Bd3 h6 19.Nf3 a5 20.Kb1 Ba6 21.Nd4 Bxd3 22.cxd3 Qb6
23.Qf2 Rc8 24.Rg3 Bxd4 25.Bxd4 Qc6 26.Be3 Ree8 27.Qe2 a4 28.Rc1 Qa6 29.Bd2 b3
30.Qg4 g6 31.d4 Rxc1+ 32.Bxc1 bxa2+ 33.Ka1 Qf1 34.Rc3 a3 35.b3 Qg1 36.f5 exf5
37.Qf4 Nf8 38.g3 Ne6 39.Qe3 Qd1 40.Qd3 Qg4 41.Bf4 g5 42.hxg5 hxg5 43.Bc1 Nxd4
44.Bxg5 Rxe5 45.Bf6 Re1+ 46.Kxa2 Qe2+ 47.Qxe2  0-1

[Event "Berliner Sommer"]
[Site "Berlin"]
[Date "1990.??.??"]
[Round "?"]
[White "Luther, Thomas"]
[Black "Meier, Volker"]
[Result "1-0"]
[WhiteElo "2405"]
[BlackElo "2240"]

1.e4 e6 2.d4 d5 3.Nc3 Nf6 4.e5 Nfd7 5.f4 c5 6.Nf3 Nc6 7.Be3 cxd4 8.Nxd4 Bc5
9.Qd2 O-O 10.O-O-O a6 11.Nce2 Qc7 12.h4 b5 13.Nxc6 Qxc6 14.Nd4 Bxd4 15.Bxd4 a5
16.Bd3 Nc5 17.Bxc5 Qxc5 18.Kb1 b4 19.g4 Ba6 20.f5 Bxd3 21.cxd3 d4 22.Rde1 Rfd8
23.f6 Rd5 24.Qg5 Qf8 25.Rc1 g6 26.Qf4 h6 27.Rc7 Kh7 28.Rhc1 Rad8 29.R1c6 R8d7
30.Rxd7 Rxd7 31.Qc1 Qb8 32.Rc8 Qxe5 33.Qxh6+  1-0

[Event "Bielsko Biala op"]
[Site "Bielsko Biala"]
[Date "1990.??.??"]
[Round "2"]
[White "Skrobek, Ryszard"]
[Black "Ioffe, A."]
[Result "1/2-1/2"]
[WhiteElo "2405"]
[BlackElo "2315"]

1.e4 e6 2.d4 d5 3.Nc3 Nf6 4.e5 Nfd7 5.f4 c5 6.Nf3 Nc6 7.Be3 cxd4 8.Nxd4 Qb6
9.Qd2 Qxb2 10.Rb1 Qa3 11.Bb5 Nxd4 12.Bxd4 Bb4 13.O-O a6 14.Rb3 Qa5 15.Rfb1 Be7
16.Bxd7+ Bxd7 17.Rxb7 Rc8 18.Qe3 Rc4 19.f5 exf5 20.Rxd7 Kxd7 21.e6+ fxe6
22.Rb7+ Rc7 23.Bb6 Rxb7 24.Bxa5 Rc8 25.Qd3 Rc6 26.Kf1 Bb4 27.Bxb4 Rxb4 28.Ne2 Rcc4
29.c3 Rb2 30.Nd4 Ra4 31.Qe3 Raxa2 32.Qxe6+ Kc7 33.Qe7+ Kc8 34.Qf8+ Kb7 35.Qe7+ Kb6
36.Qd8+ Ka7 37.Qc7+ Ka8 38.Qc8+ Ka7 39.Qc5+ Kb8 40.Qd6+ Kc8 41.Qf8+ Kb7 42.Qxg7+ Kb6
43.Qf6+ Ka7 44.Qe7+ Kb6 45.Qe1 f4 46.h4 h5 47.Qe6+ Ka7 48.Qe7+ Kb6 49.Qd8+ Ka7
50.Qc7+ Ka8  1/2-1/2

[Event "Brocco op"]
[Site "Brocco"]
[Date "1990.??.??"]
[Round "7"]
[White "Etmans, Maarten D"]
[Black "Schwartzman, Gabriel"]
[Result "0-1"]
[WhiteElo "2240"]
[BlackElo "2285"]

1.e4 e6 2.d4 d5 3.Nc3 Nf6 4.e5 Nfd7 5.Nf3 c5 6.dxc5 Nc6 7.Bf4 Bxc5 8.Bd3 a6
9.O-O b5 10.a3 Bb7 11.Qe2 Be7 12.h3 Nc5 13.b4 Nxd3 14.cxd3 Qb6 15.Rab1 O-O
16.Rfc1 Rfc8 17.Qd2 a5 18.Ne2 axb4 19.Be3 Qa5 20.axb4 Bxb4 21.Qd1 Bf8 22.Bc5 b4
23.d4 Ba6 24.Ng3 Bc4 25.Bxf8 Kxf8 26.Qd2 h6 27.Nh5 Qa3 28.Rd1 Qa2 29.Rb2 Qa3
30.Rbb1 Qc3 31.Qf4 Qc2 32.Qg4 Qg6 33.Qxg6 fxg6 34.Nf4 Kf7 35.Nd3 Rab8 36.Nb2 Be2
37.Rd2 Bxf3 38.gxf3 Na5 39.Kf1 Nb3 40.Rdd1 Rc2 41.Ke1 Ra8 42.Nd3 Nxd4 43.Rxb4 Nxf3+
44.Kf1 g5 45.Nf4 Nxe5 46.Re1 Raa2 47.Rb7+ Kg8 48.Rxe5 Rxf2+ 49.Kg1 gxf4  0-1

[Event "Spring op"]
[Site "Budapest"]
[Date "1990.??.??"]
[Round "1"]
[White "Magyar, Otto"]
[Black "Gleizerov, Evgeny"]
[Result "0-1"]
[WhiteElo "2215"]
[BlackElo "2470"]

1.e4 e6 2.d4 d5 3.Nc3 Nf6 4.e5 Nfd7 5.f4 c5 6.Nf3 Nc6 7.Be3 cxd4 8.Nxd4 Bc5
9.Qd2 O-O 10.O-O-O a6 11.Kb1 Qc7 12.g3 b5 13.Nb3 Bb4 14.Bg2 Nb6 15.Qf2 Nc4
16.Bc5 Bxc3 17.bxc3 Re8 18.g4 Rb8 19.Rd3 b4 20.Bd6 Nxd6 21.exd6 Qxd6 22.c4 Ne7
23.cxd5 Nxd5 24.Bxd5 exd5 25.f5 Bd7 26.Rhd1 Bc6 27.g5 Re5 28.Rh3 Bd7 29.Nd4 Re4
30.Qf3 Qe5 31.Qh5 Bxf5 32.Nxf5 Qxf5 33.Rf3 Rf4 34.Rxf4 Qxf4 35.Rxd5 Re8 36.Qd1 h6
37.gxh6 Qxh6 38.Rd8 Qe6 39.Rd6 Qc4 40.Qd4 Qf1+ 41.Kb2 a5 42.Rd5 Qa6 43.Qc5 g6
44.Rd6 Qa8 45.Qc4 Qg2 46.Rd7 Qf3 47.Rd6 Qa3+  0-1

[Event "Utasellato IM-A"]
[Site "Budapest"]
[Date "1990.??.??"]
[Round "2"]
[White "Fogarasi, Tibor"]
[Black "Dezan, Pierre"]
[Result "1-0"]
[WhiteElo "2375"]
[BlackElo "2225"]

1.e4 e6 2.d4 d5 3.Nc3 Nf6 4.e5 Nfd7 5.Nce2 c5 6.c3 cxd4 7.cxd4 f6 8.f4 Bb4+
9.Bd2 Qe7 10.Nf3 O-O 11.h4 Nc6 12.h5 Bxd2+ 13.Qxd2 Nb6 14.b3 a5 15.h6 g6
16.a4 fxe5 17.fxe5 Bd7 18.Nc1 Rac8 19.Bd3 Rxf3 20.gxf3 Nxd4 21.Qe3 Qb4+ 22.Kf2 Nxf3
23.Kxf3 Bc6 24.Kg3 d4 25.Qg5 Bxh1 26.Ne2 Qxb3 27.Nf4 Nd5 28.Kh4 Qb2 29.Rxh1 Qf2+
30.Qg3 Qxf4+ 31.Qxf4 Nxf4 32.Be4 Rc4 33.Kg5 Nd5 34.Bxd5 exd5 35.Kf6 d3 36.Ke7 g5
37.e6 Re4 38.Rf1  1-0

[Event "Spring op"]
[Site "Budapest"]
[Date "1990.??.??"]
[Round "7"]
[White "Nicholson, J."]
[Black "Drasko, Milan"]
[Result "1/2-1/2"]
[WhiteElo "2325"]
[BlackElo "2445"]

1.e4 e6 2.d4 d5 3.Nc3 Nf6 4.e5 Nfd7 5.f4 c5 6.Nf3 Nc6 7.Be3 a6 8.Be2 b5 9.O-O Qb6
10.dxc5 Bxc5 11.Bxc5 Nxc5 12.Kh1 b4 13.Nb1 a5 14.c4 Ne7 15.Nbd2 O-O 16.cxd5 Nxd5
17.Nc4 Qa7 18.Qd4 Ba6 19.f5 Rfd8 20.Qh4 exf5 21.Nd4 Ne7 22.Nxf5 Nxf5 23.Rxf5 Ne6
24.b3 Qd4 25.Qe1 Nf4 26.Bf1 Bc8 27.Rg5 Be6 28.Nd6 Nd3 29.Bxd3 Qxd3 30.Qf2  1/2-1/2

[Event "Spring op"]
[Site "Budapest"]
[Date "1990.??.??"]
[Round "7"]
[White "Fogarasi, Tibor"]
[Black "Guzijan, Miodrag"]
[Result "1/2-1/2"]
[WhiteElo "2375"]
[BlackElo "2280"]

1.e4 e6 2.d4 d5 3.Nc3 Nf6 4.e5 Nfd7 5.Nce2 c5 6.c3 Nc6 7.f4 Qb6 8.Nf3 f6
9.g3 cxd4 10.cxd4 Bb4+ 11.Nc3 O-O 12.exf6 Nxf6 13.Be3 Bd7 14.Bd3 Rae8 15.O-O Bd6
16.Qd2 Re7 17.Kg2 Be8 18.h3 Qd8 19.Ne5 a6 20.Rac1 Rc7 21.Bg1 Ne7 22.Nf3 Qc8
23.Ne5  1/2-1/2

[Event "Spring op"]
[Site "Budapest"]
[Date "1990.??.??"]
[Round "9"]
[White "Kruppa, Yuri"]
[Black "Nikolenko, Oleg"]
[Result "1-0"]
[WhiteElo "2460"]
[BlackElo "2385"]

1.e4 e6 2.d4 d5 3.Nc3 Nf6 4.e5 Nfd7 5.f4 c5 6.Nf3 Nc6 7.Be3 cxd4 8.Nxd4 Qb6
9.Qd2 Qxb2 10.Rb1 Qa3 11.Bb5 Nxd4 12.Bxd4 Bb4 13.O-O O-O 14.Rb3 Qa5 15.Qf2 f6
16.Bxd7 Bxd7 17.exf6 gxf6 18.Rfb1 Bd6 19.Qg3+ Kh8 20.Rxb7 Qd8 21.Ne2 Rf7
22.Qf3 Rb8 23.f5 Rxb7 24.Rxb7 Qc8 25.fxe6  1-0

[Event "Buenos Aires"]
[Site "Buenos Aires"]
[Date "1990.??.??"]
[Round "3"]
[White "Paglilla, Carlos"]
[Black "Gomez Baillo, Jorge H"]
[Result "0-1"]
[WhiteElo "2405"]
[BlackElo "2430"]

1.e4 e6 2.d4 d5 3.Nc3 Nf6 4.e5 Nfd7 5.f4 c5 6.Nf3 Nc6 7.Be3 cxd4 8.Nxd4 Bc5
9.Qd2 a6 10.O-O-O O-O 11.g3 Bxd4 12.Bxd4 b5 13.Bg2 b4 14.Nxd5 exd5 15.Bxd5 Qc7
16.Qg2 Bb7 17.e6 Nf6 18.Be5 Qb6 19.exf7+ Kh8 20.Bxf6 gxf6 21.Rhe1 Rac8 22.Qe4 Nd8
23.Qe7 Nxf7 24.Bxb7 Rce8 25.Qxe8 Rxe8 26.Rxe8+ Kg7 27.Bd5 Qc5 28.Bb3 Nd6
29.Re7+ Kg6 30.Bg8 Nf5 31.Red7 Ne3 32.f5+ Kh5 33.Rxh7+ Kg4 34.Rd4+ Kf3 35.Rd2 Qb5
36.Rd3 Qc5 37.Bd5+ Ke2 38.Rd2+ Ke1 39.Be4 b3 40.a3 Nc4 41.Rd1+ Kf2 42.Rh4 Qe3+
43.Kb1 Ke2 44.cxb3 Qxb3 45.Bf3+ Kxf3 46.Rxc4 Qxd1+ 47.Ka2 Qd5 48.b3 Qd2+
49.Kb1 Qxh2 50.g4 Ke3 51.a4 Qd2 52.Ka1 Kf3 53.Kb1 a5 54.Ka1 Qf2 55.Kb1 Qe2
56.Rd4 Qe1+ 57.Kc2 Qa1 58.Rc4 Ke3 59.Rc3+ Ke2 60.Rc6 Qa2+ 61.Kc3  0-1

[Event "Cannes op"]
[Site "Cannes"]
[Date "1990.??.??"]
[Round "1"]
[White "Derieux, Christian"]
[Black "Bellincampi, Stefano"]
[Result "1-0"]
[WhiteElo "2270"]
[BlackElo "2000"]

1.e4 e6 2.d4 d5 3.Nc3 Nf6 4.e5 Nfd7 5.f4 c5 6.Nf3 Nc6 7.Be3 cxd4 8.Nxd4 Bc5
9.Qd2 a6 10.O-O-O O-O 11.g4 Bxd4 12.Bxd4 b5 13.Bg2 Qa5 14.Kb1 b4 15.Ne2 Bb7
16.Qe3 Qc7 17.h4 Rfc8 18.g5 Ne7 19.Rd2 Nf5 20.Qf2 Nc5 21.Ng3 Ne4 22.Bxe4 dxe4
23.Nxf5 exf5 24.Rhd1 e3 25.Bxe3 Be4 26.Bb6 Qc4 27.Qe2 Qc6 28.Qf2 Qc4 29.Bc5 b3
30.axb3 Qxb3 31.Qd4 g6 32.Qd8+ Rxd8 33.Rxd8+ Rxd8 34.Rxd8+ Kg7 35.Bf8+ Kg8
36.Bh6+  1-0

[Event "Cannes op"]
[Site "Cannes"]
[Date "1990.??.??"]
[Round "3"]
[White "Santo Roman, Marc"]
[Black "Hmadi, Slaheddine"]
[Result "1/2-1/2"]
[WhiteElo "2380"]
[BlackElo "2290"]

1.e4 e6 2.d4 d5 3.Nc3 Nf6 4.e5 Nfd7 5.f4 c5 6.Nf3 Nc6 7.Be3 Qb6 8.Na4 Qa5+
9.c3 b6 10.Bd2 c4 11.b4 Nxb4 12.cxb4 Bxb4 13.Qc2 Bxd2+ 14.Nxd2 b5 15.Nc3 Rb8
16.Be2 b4 17.Nd1 O-O 18.O-O Qb6 19.Nf3 f6 20.Nf2 a5 21.Qd2 Ba6 22.Qe3 f5
23.g4 fxg4  1/2-1/2

[Event "Cannes op"]
[Site "Cannes"]
[Date "1990.??.??"]
[Round "4"]
[White "Renaudin, Jean Philippe"]
[Black "Relange, Eloi"]
[Result "1/2-1/2"]
[WhiteElo "2050"]
[BlackElo "2000"]

1.e4 e6 2.d4 d5 3.Nc3 Nf6 4.e5 Nfd7 5.f4 c5 6.Nf3 Nc6 7.Be3 Be7 8.Qd2 O-O
9.O-O-O Qa5 10.Kb1 c4 11.f5 exf5 12.g3 Bb4 13.Bg2 Nb6 14.a3 Bxc3 15.Qxc3 Qb5
16.Bc1 Na4 17.Qe3 a5 18.Nh4 Ra6 19.Bf1 Nb4 20.b3  1/2-1/2

[Event "Cannes op"]
[Site "Cannes"]
[Date "1990.??.??"]
[Round "7"]
[White "Trassaert, Stephane"]
[Black "Metral, Jean Paul"]
[Result "0-1"]
[WhiteElo "2010"]
[BlackElo "2220"]

1.e4 e6 2.d4 d5 3.Nc3 Nf6 4.e5 Nfd7 5.Nce2 c5 6.c3 Nc6 7.f4 Be7 8.Nf3 a5
9.g3 b5 10.Bh3 Nb6 11.O-O b4 12.Ne1 g6 13.Nd3 bxc3 14.bxc3 cxd4 15.cxd4 Ba6
16.g4 h5 17.f5 hxg4 18.fxe6 f5 19.Bxg4 Qc7 20.Bf3 O-O-O 21.Be3 g5 22.Nc3 Bc4
23.Rb1 Nb4 24.Be2 Rh3 25.Nxb4 axb4 26.Nxd5 Rxd5 27.Bf3 Ra5 28.Rf2 g4 29.Kg2 Rxf3  0-1

[Event "Cannes op"]
[Site "Cannes"]
[Date "1990.??.??"]
[Round "7"]
[White "Renaudin, Jean Philippe"]
[Black "Schwartzman, Gabriel"]
[Result "0-1"]
[WhiteElo "2050"]
[BlackElo "2300"]

1.Nc3 e6 2.e4 d5 3.d4 Nf6 4.e5 Nfd7 5.f4 c5 6.Nf3 Nc6 7.Be3 a6 8.Qd2 b5 9.dxc5 Bxc5
10.Bxc5 Nxc5 11.Qf2 Qb6 12.Be2 O-O 13.O-O f6 14.Kh1 b4 15.Nd1 fxe5 16.fxe5 Nxe5
17.a3 Nxf3 18.axb4 Qxb4 19.c3 Qh4 20.Qxh4 Nxh4  0-1

[Event "Catania op"]
[Site "Catania"]
[Date "1990.??.??"]
[Round "?"]
[White "Efimov, Igor"]
[Black "Miljanic, Boro"]
[Result "1-0"]
[WhiteElo "2400"]
[BlackElo "2385"]

1.e4 e6 2.d4 d5 3.Nc3 Nf6 4.e5 Nfd7 5.f4 c5 6.Nf3 Nc6 7.Be3 a6 8.Qd2 b5 9.dxc5 b4
10.Ne2 Nxc5 11.O-O-O Qa5 12.Kb1 Ne4 13.Qe1 Bc5 14.Nc1 Qb6 15.Bxc5 Qxc5 16.Nd3 Qb6
17.h4 h6 18.Nd2 Nxd2+ 19.Qxd2 a5 20.Rh3 a4 21.Rg3 O-O 22.f5 exf5 23.Nf4 Ne7
24.Nxd5 Nxd5 25.Qxd5 Qa5 26.Qxa5 Rxa5 27.a3 Re8 28.Re3 f4 29.axb4 Rd5  1-0

[Event "JUG-chT Cetinje"]
[Site "Cetinje"]
[Date "1990.??.??"]
[Round "4"]
[White "Zakic, Srdjan"]
[Black "Dizdar, Goran"]
[Result "0-1"]
[WhiteElo "2355"]
[BlackElo "2470"]

1.e4 e6 2.d4 d5 3.Nc3 Nf6 4.e5 Nfd7 5.f4 c5 6.Nf3 Nc6 7.Be3 a6 8.Qd2 cxd4
9.Nxd4 Bc5 10.O-O-O O-O 11.h4 Nxd4 12.Bxd4 b5 13.h5 b4 14.Ne2 a5 15.f5 Bxd4
16.Nxd4 Nxe5 17.h6 g6 18.fxg6 fxg6 19.Bb5 Qd6 20.Rhe1 Nf7 21.Qe3 e5 22.Nc6 d4
23.Qg3 Bd7 24.Nxd4 Bxb5 25.Nxb5 Qc5 26.a4 bxa3 27.Nxa3 Rab8 28.Nb1 Qb4 29.Qc3 Qf4+
30.Qe3 Nxh6 31.Nc3 Qb4 32.b3 Ng4 33.Qd3 Nf2 34.Qd5+ Rf7 35.Qxe5 Rc8 36.Nd5 Qa3+
37.Kb1 Nxd1 38.Rxd1 Qc5 39.Rd2 Qf8 40.g4 Re8 41.Qd4 Qg7 42.g5 Qxd4 43.Rxd4 Re5
44.Nf4 Rxg5 45.Rd8+ Kg7 46.Ne6+ Kf6 47.Nxg5 Kxg5 48.c4 h5 49.Rd1 h4 50.Kb2 h3
51.Ka3 Kh4 52.Ka4 g5 53.c5 h2 54.c6 g4 55.Kxa5 g3  0-1